Top 1000 JetPunk Quizmakers - Statistics

General Stats
  • This quiz has been taken 39 times
    7 since last reset
  • The average score is 35 of 1000
Answer Stats
Rank User Times Taken % Correct
504 MasterRocket 108,201
86%
1 Stewart 44,036,367
86%
38 Dimby 2,292,855
71%
18 baptistegorce 5,450,774
57%
45 Dekkie 2,110,999
57%
149 FlabberBapper 443,840
57%
258 LuckyCat 236,262
57%
521 Luni 105,213
57%
494 muskox 110,810
57%
3 Quizzer6794 29,912,827
57%
2 relessness 39,208,625
57%
21 BolyaiAnna 5,300,146
43%
88 cathlete 918,878
43%
9 Elboy 10,734,514
43%
309 Fuse 192,022
43%
452 Gademotsili99 123,568
43%
6 Gamer1162 18,585,260
43%
142 GamerandJerry 464,110
43%
56 jack541 1,409,424
43%
65 Jeremy 1,211,196
43%
4 Jerry928 23,953,001
43%
191 jetpunk2809 325,593
43%
318 JetPunker180 184,629
43%
666 N 74,646
43%
11 overtired 7,240,579
43%
35 Penguinish 2,618,920
43%
20 Ravisseur 5,337,171
43%
87 RLJ 922,424
43%
5 scambigol 20,797,036
43%
390 toowise 142,000
43%
42 Vic1452 2,202,920
43%
12 Vicky 7,038,633
43%
10 ArjayPL 9,156,119
29%
95 Berney 805,279
29%
244 DarthKnight 248,457
29%
495 Difluzi 110,741
29%
77 Fifi567 1,064,647
29%
7 Gassu 17,342,516
29%
113 Geographystar 671,074
29%
46 GeoPhilia 2,101,578
29%
869 hi111223 51,783
29%
47 History4 2,077,286
29%
843 HomerSimpson 54,444
29%
198 Iluvbread123 310,336
29%
24 Jato 4,604,292
29%
301 jp11997 198,446
29%
37 JustJoshing 2,576,972
29%
16 kiwirage 5,560,975
29%
19 LBA 5,446,538
29%
76 lele20 1,070,345
29%
933 lele28 47,927
29%
101 marquez100 773,915
29%
55 Nathaniel 1,418,046
29%
281 Neodymium 214,838
29%
62 Pandryf 1,273,205
29%
224 Pullasorsa 279,875
29%
116 Silas666 653,079
29%
22 skukka 4,908,802
29%
662 Stef2 75,446
29%
118 Syrext 632,871
29%
844 th7 54,442
29%
13 youtubeplayer 6,422,889
29%
328 100Greats 175,597
14%
204 A13 298,226
14%
15 Aaron197 5,777,332
14%
634 Aaron89 81,970
14%
611 Abby 85,420
14%
39 alberici 2,273,771
14%
965 Amphi64 46,193
14%
98 bat2707 793,110
14%
214 ChomikowaDama 290,959
14%
139 clo59 482,737
14%
70 clown666w 1,126,911
14%
562 Culturegenerale1 94,217
14%
125 dianalove 550,966
14%
84 dug28 996,966
14%
996 eaglesfan6 44,274
14%
400 FreeStater 138,981
14%
171 Haschtee 369,007
14%
78 henrigolo 1,027,209
14%
496 HerculePoro 110,389
14%
25 HinesBrothers 4,122,492
14%
117 Hugh2000 641,064
14%
432 hugopernia 128,237
14%
826 izra 56,323
14%
23 Jiaozira 4,707,254
14%
429 Joanie 129,552
14%
64 Josiah 1,237,984
14%
28 jpedrocm 3,386,944
14%
32 kalbahamut 2,909,310
14%
451 kimad 123,997
14%
122 KingEureka 571,227
14%
8 KoljiVriVoda 12,027,793
14%
34 Levisek27 2,782,664
14%
99 LyricsGeographyHistory 787,369
14%
73 mac212121 1,099,529
14%
100 Macaco 778,250
14%
75 markjohan 1,073,546
14%
349 McKenzieFam 161,769
14%
261 MikaKK 235,426
14%
17 miki2003 5,560,874
14%
831 Mr37 55,569
14%
784 MrWolf 61,613
14%
324 Nickelz 180,865
14%
703 Nikhaz 70,319
14%
85 Nilles 994,610
14%
94 NINJAQKk 807,693
14%
563 Nn1341 94,170
14%
566 Nostar 94,060
14%
291 NV1 207,646
14%
302 Panos96 198,316
14%
26 peardestroyer 3,976,801
14%
765 quizmaker 64,363
14%
758 Quizmaster55 64,885
14%
584 QuizzerandJerry 90,715
14%
93 Rohvimity 816,703
14%
27 scambiandJerry 3,638,808
14%
205 Seals 296,962
14%
668 sealsi6 74,583
14%
237 Servalo 254,313
14%
872 simmo 51,445
14%
30 Simon1006 3,216,387
14%
59 SpiritOfFire 1,326,823
14%
158 SWATkun 404,445
14%
217 TableFor1 288,498
14%
314 Ternande 186,680
14%
306 ThatNorwegianMapper 196,387
14%
202 ThisIsAGreatUsername 305,873
14%
223 Tietopankki 279,880
14%
29 Tottenham63 3,322,737
14%
157 UG332 409,134
14%
339 USA 168,460
14%
211 xXSeanCuber22Xx 295,262
14%
935 0011aabbxx 47,850
0%
357 00Rem 155,157
0%
586 12sim5 90,510
0%
560 5423addy 94,950
0%
346 81928128 162,132
0%
737 861oats 66,528
0%
799 abbiehsm 59,874
0%
300 Abdoulaye 198,657
0%
722 AbdulKebabdul 68,231
0%
498 abewall11 109,900
0%
469 ackbar 117,941
0%
545 Adam25 100,129
0%
230 AdamSutherland 274,912
0%
179 adrmcm 347,785
0%
440 Aeez 126,507
0%
337 Afghabwe 169,218
0%
543 Ahawkshadow 100,277
0%
792 AK7 60,697
0%
259 Akasnah 236,148
0%
473 AKiro 117,009
0%
913 akjlddkjslfsd 49,366
0%
925 Akubus 48,606
0%
134 Akula 500,964
0%
334 AlcesteS 169,445
0%
947 alepenera 46,950
0%
946 Alexandre09 46,956
0%
966 AlexC99 46,187
0%
527 AlfieJMD 104,410
0%
969 Alfonzo8 46,028
0%
980 Alina365 45,534
0%
766 AlisGato 64,314
0%
756 AlmostAGenius 64,940
0%
386 alphallama1 142,863
0%
166 Amburr 386,086
0%
401 ameliey 138,473
0%
218 angel0703 287,017
0%
601 Angellaw123 86,800
0%
596 Animekpop1031 87,895
0%
901 Anne3kv 50,132
0%
797 AnnikaKim 60,061
0%
786 Anthoblanco 61,436
0%
578 Anthony121 91,498
0%
79 apocalypse 1,020,962
0%
192 ArcoIris 323,196
0%
661 ArgonianKing 75,545
0%
180 ariane5 343,351
0%
667 arjaygee 74,615
0%
210 Ascro95 295,798
0%
875 Astranova 51,397
0%
749 aude 65,130
0%
929 AUSTINMAHONE74 48,166
0%
752 Averl 65,055
0%
881 Awcak 51,097
0%
465 azerifactory 119,954
0%
132 Azgyr 508,458
0%
102 bababongoa 769,854
0%
285 baguettez 210,071
0%
770 Ballingthe34th 63,604
0%
229 BambooCrunch 275,243
0%
564 BananaOnNeptune 94,162
0%
354 Bandi 156,733
0%
241 Barroszt 249,200
0%
857 Barsoin 53,114
0%
798 Baxtergrad 60,047
0%
358 BBENSoN 154,966
0%
246 Beefcake 245,186
0%
624 beetboy12 83,907
0%
115 BehindPL 657,023
0%
167 Bellingol 384,711
0%
559 benjisarocks21 95,316
0%
123 Beppe0 557,174
0%
705 bigbadkid 70,034
0%
842 Billahhh 54,467
0%
369 billz 150,003
0%
317 Bimm 184,752
0%
470 binja321 117,558
0%
553 BlackpilledAnglo 96,514
0%
411 blackrussian13 135,582
0%
789 blairwaite 61,026
0%
956 BlendedCow 46,622
0%
255 bleumarine22 238,315
0%
832 blizzrd33 55,515
0%
506 blueanteater 108,073
0%
978 bn9043 45,668
0%
939 Bobandy84 47,514
0%
864 bobduncan37 52,184
0%
938 bogomir 47,609
0%
176 bomber184 352,762
0%
548 Bosna 98,525
0%
490 BotswanaEmperor 111,737
0%
741 brandybuck96 66,037
0%
593 Brickster 88,047
0%
932 bridog8456 48,044
0%
414 BrosephStalin 133,963
0%
724 bubbabubba23 67,923
0%
471 Bubu44 117,423
0%
66 buck1017 1,203,559
0%
265 Budjettivaje 232,367
0%
276 burntfrost 222,303
0%
785 buscfc93 61,482
0%
986 bvdo 44,717
0%
937 cafrance1089 47,671
0%
199 caiocpr1 306,852
0%
356 CallumSCFC3 155,231
0%
635 Calum 81,730
0%
910 Camelback 49,565
0%
954 camillejones 46,782
0%
174 camus 357,267
0%
921 canarinoir 48,846
0%
404 CaptainJulie 137,906
0%
656 Capybarra 76,538
0%
800 carawebo 59,860
0%
878 CardinalV 51,212
0%
472 carladieklingel 117,368
0%
641 Carrion 80,387
0%
479 CarterA 114,350
0%
389 caseyshipman08 142,272
0%
920 catcat 48,930
0%
294 CatcoolH 205,879
0%
200 catlover2496 306,532
0%
40 CBTemple 2,241,104
0%
834 ccmcindoe99 55,423
0%
51 Cedo 1,624,362
0%
824 CeliaZ 56,783
0%
576 cerealkiller 91,652
0%
714 ChanelNo5 69,445
0%
643 chaosBEE 80,186
0%
53 Chapa 1,557,576
0%
467 charlie07 118,492
0%
899 charlie33 50,316
0%
816 chazza420 57,757
0%
569 chempstead98 92,661
0%
746 cheune 65,355
0%
464 chichitata 120,052
0%
755 Chiffou 64,957
0%
267 ChineseChen 230,842
0%
971 chomczakowa 46,022
0%
456 Chubzorz 122,016
0%
315 Churchill1 185,430
0%
825 CitizenKahn 56,496
0%
725 Clare 67,920
0%
671 clivey 74,195
0%
197 cm134 317,137
0%
738 CMJ 66,408
0%
665 colin09 74,862
0%
587 colinfarris35 90,386
0%
526 colmaggio 104,474
0%
332 Connor3 171,055
0%
783 corbomite52 61,936
0%
260 cornflakesfu 235,540
0%
256 correa91 236,856
0%
468 Corvette68 118,405
0%
54 cosmokim 1,488,376
0%
849 Coucou11 54,233
0%
175 Coyuznik 354,706
0%
508 CPAmt 107,456
0%
409 CR7isthebest 136,921
0%
480 craigsnyder 114,083
0%
992 Crantor 44,364
0%
254 CrazyWombat 238,558
0%
802 CrisGala 59,623
0%
347 csgong2 162,066
0%
143 CtG526 463,538
0%
247 cty 244,710
0%
437 culLF2259fr 127,297
0%
83 cuotak 998,873
0%
923 CureX 48,834
0%
172 Cyn 360,753
0%
945 CzarnyAnonim 46,958
0%
613 Daams 85,277
0%
189 DabisPlays 330,951
0%
406 DaftDayan 137,485
0%
61 Daigoro 1,281,734
0%
399 Dambru60 139,198
0%
540 DannySensei 100,894
0%
840 Dav90 54,523
0%
428 DavidScullySport 129,627
0%
352 DavonK30 157,790
0%
455 Dblingah 122,208
0%
885 ddavis63 50,778
0%
704 DeinLehrer 70,316
0%
148 deltanz 448,758
0%
372 DerGulk 148,836
0%
323 DerMan4 180,933
0%
114 Devvik2 662,252
0%
764 Dhamo9585 64,393
0%
839 DiamondDust 54,637
0%
640 dibdab 80,745
0%
277 djamelfd 221,042
0%
295 djgab 202,674
0%
690 Djilas 71,730
0%
434 djulbulbul 127,975
0%
828 Doggies 56,084
0%
443 Dollyfroggy 126,313
0%
375 Dominion 147,864
0%
848 DoneAndGone 54,319
0%
931 DonTheLamplighter 48,126
0%
751 Dontneedone 65,086
0%
632 dthnggg 82,132
0%
41 dub 2,238,577
0%
379 duckabee 146,277
0%
107 duckling07 732,559
0%
278 ducklingpanda1245 218,409
0%
435 duhhnielle 127,952
0%
841 dwaboutit18 54,522
0%
571 dwo 92,097
0%
327 Dyl 178,959
0%
660 Dzuljet17 75,605
0%
982 eac14 45,258
0%
299 Eccljo 200,331
0%
862 Echoes1983 52,700
0%
780 ecp 62,175
0%
769 Eigengrau 63,854
0%
232 Ekrousee 267,267
0%
249 Elan 243,266
0%
503 ElCanuck 108,457
0%
794 elie85 60,618
0%
52 elijahwade 1,558,950
0%
410 ElizaRome 136,401
0%
813 EmoPhase 58,180
0%
961 encourage 46,385
0%
240 Eniotna00 249,884
0%
858 Enora 53,023
0%
499 Ent 109,526
0%
867 EnterNameHere 51,940
0%
320 entertainmint3 183,809
0%
271 eos 228,133
0%
972 EpicBoeuf 45,921
0%
127 ergillo 523,386
0%
136 Etanna 494,588
0%
694 Ethaboo444 71,301
0%
659 ethanc 76,208
0%
523 eurocrem 105,050
0%
89 exotic 905,143
0%
106 explorer97 733,670
0%
325 f1freak 180,135
0%
845 F1xIndyCar 54,408
0%
747 Facapovilla 65,318
0%
444 fagussylvatica 126,062
0%
909 Fanka 49,570
0%
771 Fantastyczny 63,318
0%
880 FauneMimi 51,109
0%
648 FentonsDad 78,653
0%
681 fezzer 72,304
0%
297 fikaman 200,968
0%
731 fili06fil 67,192
0%
280 Fing0lfin17 215,130
0%
361 finglehorn 154,197
0%
269 Fizwizbiz 228,791
0%
441 flipjmac 126,482
0%
837 florient 54,847
0%
754 fmssp 64,968
0%
615 footballfan99 84,802
0%
960 FootballGeoGuy 46,441
0%
645 ForgingIron 79,763
0%
718 FORTRYFLASH 68,470
0%
622 forwen 83,999
0%
154 Foulfortune 413,604
0%
72 Fouquets 1,114,064
0%
497 Fraise4444 110,318
0%
984 Frank24 45,167
0%
944 Franksterthekid 46,972
0%
547 Fraufort 98,700
0%
103 Freely 738,285
0%
896 Frischluftfanatiker 50,417
0%
988 Froststar101 44,517
0%
628 FSLiudger 82,548
0%
701 FTRoma 70,550
0%
371 fullmoon11 149,512
0%
865 GainsWorldwide 52,116
0%
633 Garellos 82,076
0%
811 gasilikenig 58,590
0%
222 GDC 280,254
0%
533 gdcdl 102,190
0%
823 Gekko0923 56,789
0%
779 GeneralWaffle64 62,436
0%
516 geoffers 106,077
0%
917 geograf 49,188
0%
565 geographybadass 94,088
0%
313 geographynerd 190,486
0%
43 Geoguy 2,193,639
0%
817 Geopro 57,682
0%
145 georgekotz 458,034
0%
801 GeoTennisWhiz 59,773
0%
851 gerleps974 53,643
0%
387 Germanwolverine 142,742
0%
623 Geronimo7 83,915
0%
342 Ghugoo 163,748
0%
579 giant1234321 91,386
0%
57 Gibe85 1,406,288
0%
124 gino85 553,739
0%
126 Giorgi94 531,549
0%
481 giosp 113,864
0%
135 girplease 496,549
0%
67 gjcsarris 1,197,472
0%
407 Glitschko56 137,193
0%
686 Godfish23 71,875
0%
693 gofrkiedyuhc 71,494
0%
212 Gomar1903 292,709
0%
854 goodquizzes360 53,392
0%
699 GorillaQuizzes 70,616
0%
393 graceoq 141,059
0%
936 Granat 47,700
0%
999 GrandMo 44,260
0%
712 greenReaper 69,534
0%
812 GretiSpaghetti 58,184
0%
60 guigui69 1,308,994
0%
981 guiztar73 45,486
0%
378 gustavo11 146,872
0%
220 GymnastPunk 281,743
0%
567 Gyovhne 93,639
0%
144 Gyrenaica 459,084
0%
213 Habby 290,984
0%
669 Haber2k12 74,315
0%
308 hannina 192,795
0%
422 happygrrl 131,544
0%
775 Harbormaster 63,043
0%
739 hardforgeography 66,381
0%
985 HarryPotterMovies 44,957
0%
216 Hashimi 288,930
0%
535 heIIo 101,811
0%
137 helen62442 493,378
0%
263 HelveticaBold 232,773
0%
994 HereComesWilson 44,336
0%
388 HermanSilow 142,394
0%
206 Hibasi 296,957
0%
445 HickoryRun 125,800
0%
453 Hinckford 122,866
0%
762 hoeburrow 64,448
0%
876 hola25 51,378
0%
458 hoxygun 121,287
0%
485 Huey 113,014
0%
196 hwes 319,078
0%
973 Ichbinesgewesen 45,920
0%
716 iheargeo 68,936
0%
385 iiiiiiiiiiiiii 143,901
0%
914 imaroc 49,323
0%
162 ImDB 396,285
0%
928 imonone 48,189
0%
182 inderweg 339,031
0%
557 InfiniteBulk 95,710
0%
776 Innit 63,038
0%
421 Insaniot 131,697
0%
58 interopia 1,338,649
0%
353 Ireland123 156,756
0%
644 Isaac 80,154
0%
597 iselou 87,760
0%
82 islabonita 1,006,074
0%
655 Iwen 76,582
0%
736 Jack03Skora 66,646
0%
787 JackintheBox 61,396
0%
827 Jacko77 56,112
0%
367 Jackstone 151,872
0%
239 Jacktheguy 250,433
0%
231 jacobszekuIa 272,988
0%
835 Jaimelespatates 55,321
0%
713 jakek99 69,505
0%
976 JakisBak 45,830
0%
454 Jakub 122,453
0%
871 jamessafc 51,654
0%
146 JarBar 456,337
0%
208 Jarl5 296,267
0%
887 JBarry1 50,670
0%
689 jbro 71,737
0%
735 jehanb 66,693
0%
975 JenkinsEar 45,844
0%
537 JeromesNiece 101,380
0%
226 jess1769 276,241
0%
621 Jessicasantos 84,233
0%
790 JetpunkGenius 60,872
0%
581 JGElias 91,110
0%
121 jillibean414 586,309
0%
574 jilo37p 91,951
0%
782 Jjdu51 61,983
0%
870 JoeRainford 51,675
0%
48 joez 1,764,825
0%
706 johnabcitizen 70,005
0%
483 JohnnyYeet 113,224
0%
86 johnsonncn5 948,022
0%
188 jolenao 334,244
0%
330 jootjebode 174,414
0%
351 jopif 158,800
0%
203 joshidurant 300,192
0%
836 JoshPen 54,958
0%
995 joshsb1 44,292
0%
513 jpg20369 106,580
0%
128 JPin8497 523,069
0%
809 JRB 58,764
0%
341 jufiction 167,903
0%
979 Julpul6 45,620
0%
433 JustAboutEverything 128,161
0%
759 Jvill 64,847
0%
185 JWatson24 336,128
0%
512 kaderschaufel 106,748
0%
614 Kannan2000 85,230
0%
510 kariannepizza 106,880
0%
335 Karoleq99 169,305
0%
446 katalina 125,771
0%
31 katsudk 3,110,381
0%
462 KeithRuffles 120,096
0%
709 Keltonet 69,597
0%
583 Kenny123 90,727
0%
225 kenpo17 278,075
0%
663 Kenshin 75,145
0%
649 Kers44 78,311
0%
92 Kestrana 848,962
0%
874 KetchupRevenge 51,398
0%
815 KeyMaster 57,792
0%
830 KidTheCat 55,769
0%
998 Kieubas 44,270
0%
573 Killerkarotte 91,963
0%
377 KingDrudii 147,245
0%
424 kinggch 131,219
0%
338 KingJamesLover23 169,094
0%
487 Kingsfisher 112,419
0%
355 KiwiQuizWhiz 155,288
0%
934 kkay 47,879
0%
531 klapperklaus 103,234
0%
941 kmichael08 47,197
0%
397 Kontio100 139,631
0%
340 Kreczmar 168,152
0%
717 kristian83 68,547
0%
888 Kronos44 50,668
0%
594 Kryxha03 87,956
0%
418 Kuba1227 132,069
0%
924 KUBSONIXO 48,755
0%
49 Kvkq 1,690,759
0%
732 Kyle72211 67,147
0%
568 kylesan 92,931
0%
625 LaBouleMagique 83,812
0%
861 LAETITIA92 52,732
0%
221 lafpark12 280,276
0%
165 lagkapten 386,180
0%
868 LahcenB 51,836
0%
530 LargeTac0s 103,549
0%
680 Larina 72,459
0%
730 Lattyas 67,397
0%
555 laurchestre 96,063
0%
803 Laurinibus 59,548
0%
748 LBAbeL17 65,220
0%
617 LeaderofAdaklya 84,639
0%
524 LeBureau31 104,898
0%
250 LegendBlackKyurem 242,498
0%
572 Legiedz 91,990
0%
419 Leontine 131,829
0%
538 LesGrossman 101,024
0%
997 lhrz 44,272
0%
460 Liamthe1st 120,883
0%
147 lieoua 450,433
0%
877 Lilibalgin 51,304
0%
989 lilig48 44,440
0%
819 Lindeni 57,432
0%
950 llanestomas 46,857
0%
915 LNA14 49,280
0%
287 lolrobbielol 209,225
0%
370 longdays2 149,835
0%
81 Louis76 1,010,230
0%
108 louisecnl 729,589
0%
482 LoverBestAlbum 113,634
0%
130 LovesPoetry 520,007
0%
952 Lucas12 46,828
0%
647 LuCaS313131321 79,143
0%
238 Lucasaar 251,579
0%
104 Lucknowite 736,729
0%
539 luckybarry 100,949
0%
697 luckyluc96 71,080
0%
140 ludimagister 478,556
0%
729 LuigiDeus 67,433
0%
983 lukasHistography 45,190
0%
333 LukeD 170,965
0%
90 luucksson 903,537
0%
588 Lwanp13 90,334
0%
425 M4THIL2 131,143
0%
195 maciekzks 320,013
0%
642 MadameDegrassi 80,209
0%
820 MadMen 57,052
0%
650 mahble 77,994
0%
491 Maibaum 111,566
0%
900 Majax 50,165
0%
181 MajesticSheep 340,000
0%
348 Malbaby 161,911
0%
91 manchesterutd10 888,705
0%
638 manndras 81,284
0%
859 march161 52,874
0%
394 MarcinMazurek 140,073
0%
777 MarcoReus 62,791
0%
476 marek594 115,373
0%
546 mariofan367 99,747
0%
373 MarklarUK 148,719
0%
193 Marli5 322,486
0%
962 Martopix 46,350
0%
767 MarvelFanatic 64,018
0%
500 Marvelquizmaster 109,440
0%
515 matchless 106,095
0%
511 MathildeLucie 106,765
0%
955 mathis247 46,651
0%
396 Matt2012 139,805
0%
742 mattchoi 65,997
0%
186 Matthew07 335,960
0%
151 MattPett12 438,385
0%
74 MattPunk 1,087,760
0%
688 MaxGameAndWatch 71,760
0%
639 Maxibon 81,174
0%
585 maxism 90,594
0%
912 Maxlher 49,404
0%
967 MaxStickies 46,143
0%
303 maxvenble 198,300
0%
630 MBatistussi 82,369
0%
959 MCDLT 46,477
0%
740 mcpf 66,374
0%
156 MCRJON 410,504
0%
275 MD396 223,320
0%
96 Melodysso 803,415
0%
627 Mensualite 82,846
0%
44 Mewthree 2,115,679
0%
674 mexx144 74,016
0%
773 michaelchq2 63,237
0%
687 Micky2911 71,791
0%
856 miep 53,162
0%
234 mightythor 261,496
0%
518 mikeyq6 105,624
0%
110 mikkelkahnwald 721,021
0%
288 milk 208,855
0%
402 Milky94 138,439
0%
310 MinZooo 191,835
0%
201 MiracleMax 305,981
0%
894 MissTaylor133 50,503
0%
891 Mistrz001 50,575
0%
164 MitchellDavid 389,141
0%
274 MitchellOakes 224,158
0%
908 Mitsiky 49,753
0%
806 mkeogh 58,956
0%
253 MlleAna 238,847
0%
456 Mluster15 122,016
0%
532 MMF2003 103,120
0%
129 mo918 521,529
0%
902 mobinni 50,080
0%
270 Mogysht 228,740
0%
169 MonsieurX 371,346
0%
906 morequizzes4u 49,849
0%
958 mountainsong 46,494
0%
744 Mountbatten26 65,690
0%
949 MrBrendan47 46,865
0%
814 mrkada93 57,901
0%
833 mrnafe 55,445
0%
895 MrSean2001 50,456
0%
430 mtthw 128,710
0%
298 mufc99 200,404
0%
805 muffingg 59,049
0%
629 MungoJerry 82,546
0%
403 MyMindWentBlank 138,350
0%
821 NapoleonBonaparte 56,947
0%
602 Narque 86,426
0%
304 Nathanbr 198,201
0%
219 NatNes 286,138
0%
368 Nedpet 151,671
0%
652 nemo124578 77,298
0%
431 Nenadbs 128,480
0%
551 nevaeh 97,636
0%
726 nhweston1997 67,794
0%
466 nichandjerry 119,040
0%
33 nichster 2,883,199
0%
558 nickster720 95,532
0%
708 nicolasmnava 69,882
0%
682 nicolasPFI 72,209
0%
133 Nightracer 506,065
0%
187 Nirvon 334,757
0%
542 Nix01 100,602
0%
272 njreed 227,031
0%
882 nmaec 51,059
0%
873 Nochime 51,414
0%
380 nonono 146,213
0%
658 noobyi 76,229
0%
879 nopassword 51,137
0%
927 Notanotherjoke 48,201
0%
676 nromero02 73,591
0%
450 nucos 124,499
0%
886 Nugas 50,755
0%
63 Nygaut 1,259,412
0%
700 octopussaxophone 70,569
0%
293 ogunir 206,772
0%
919 olebiatch 48,956
0%
807 olek3173 58,838
0%
987 Oleslaw2009 44,601
0%
514 Olsonnn 106,569
0%
109 orez 727,327
0%
251 orlman0812 240,503
0%
672 otter31 74,087
0%
365 OtterSou 152,749
0%
968 Otto1871 46,042
0%
796 ozzoforest 60,256
0%
505 P3nguin 108,173
0%
589 Palo 90,200
0%
570 pampelius 92,486
0%
810 Pampito 58,746
0%
235 PanosG31 261,068
0%
616 PanSerbia7 84,744
0%
795 pantakour 60,401
0%
266 PapaFurchetta 231,377
0%
215 pater2604 289,629
0%
305 patisserie 196,732
0%
592 PauloMX 88,098
0%
376 Pazza 147,405
0%
279 Pemphredo 215,625
0%
549 PeregrineFalcon 98,075
0%
489 peskychocolatedevil 111,929
0%
710 phaines9 69,588
0%
893 Phanto1999 50,521
0%
159 Pholidoscelis 401,004
0%
753 Photop 64,996
0%
599 PhyscoFormula1 87,160
0%
364 Phytox 153,301
0%
733 piarix 67,094
0%
916 Pierre42210 49,267
0%
484 pierroul 113,163
0%
459 Pifeger 121,029
0%
105 Pinoccio 734,175
0%
529 Piotr 104,136
0%
150 piR 438,569
0%
685 Pistolet 71,966
0%
412 pixie999 134,991
0%
382 plattitude 145,579
0%
395 PokeJose163 139,972
0%
284 Pokemonquiz 213,200
0%
488 Polonium 112,230
0%
541 ponnuki 100,864
0%
897 popeyeschicken 50,401
0%
722 Poptographic 68,231
0%
963 PortugaisVolant 46,334
0%
227 PotatoDude 276,160
0%
398 Poudlard 139,375
0%
423 Pradalinhio 131,443
0%
974 profnick 45,909
0%
243 promastermage 248,543
0%
80 PSTSCCH 1,012,249
0%
591 PsychoGunnar 89,042
0%
442 PumpkinLeaf 126,441
0%
245 punkempi 246,759
0%
486 puntaterrebonne 112,674
0%
384 PurpleCharlie 145,057
0%
977 QRU 45,763
0%
289 QuantumMechanist 208,734
0%
631 QueenBea 82,156
0%
374 queenmaeree 148,684
0%
248 Quickman 244,119
0%
316 QuizBandit 185,060
0%
711 QuizBoy786 69,550
0%
36 Quizgas 2,605,995
0%
417 Quizrush 132,998
0%
475 quizwhizz 115,381
0%
163 QuizzerBros 393,922
0%
520 Quizzology 105,228
0%
345 Rachel24601 162,646
0%
360 Rade 154,326
0%
734 Rado23 66,875
0%
903 Rafiathos 50,027
0%
636 railway14 81,588
0%
336 RayH518 169,279
0%
760 Rayphal 64,603
0%
184 Raz07 336,191
0%
190 RBM5 329,796
0%
822 RdL2 56,801
0%
575 realhenryb 91,800
0%
236 Reb2 254,657
0%
957 RedZombieAngel 46,556
0%
904 Remy45 49,973
0%
892 renzozorzi 50,553
0%
600 revtodd1 86,967
0%
670 ReyFer 74,278
0%
183 rg1227 337,711
0%
953 richiebloom 46,806
0%
768 Riproar 63,977
0%
478 Riton 114,385
0%
620 Rodman 84,373
0%
312 rodrigost23 190,809
0%
781 Roger77024 62,122
0%
522 Rouliane 105,173
0%
152 rphxx 426,488
0%
926 rslawski 48,470
0%
257 RudiOhrenstein 236,295
0%
344 ruudsje 162,842
0%
991 SachaJoe22 44,396
0%
860 Saiyuna 52,861
0%
605 salisien 86,080
0%
534 SammlkJP 102,184
0%
501 sammygss52 108,917
0%
1,000 Samuelbella 44,054
0%
177 Sappa 349,116
0%
427 sarahg33 129,918
0%
657 SaturnD 76,474
0%
788 Savage 61,068
0%
68 Savik 1,144,082
0%
209 Scanners 295,870
0%
273 Schokiii 224,575
0%
329 scorp1970 174,733
0%
884 scottyc 50,808
0%
544 scratchdj719 100,192
0%
525 sctupurani 104,618
0%
319 Seahawkcoke 183,893
0%
233 SeekerSpock1 264,498
0%
97 sentenzzza 800,958
0%
610 SerbMan 85,475
0%
905 Sergiu1998 49,913
0%
331 Shade9099 172,848
0%
772 shadow8it 63,282
0%
262 Shaman 234,837
0%
528 shiraishi722 104,162
0%
477 Shuaib 115,273
0%
366 Siegfried 152,432
0%
170 SilverDog 370,925
0%
307 SilverDun 193,757
0%
855 Simiazza 53,377
0%
608 Simoellon 85,813
0%
119 Sinarya 618,414
0%
911 Sirlandlord 49,415
0%
853 Sixfootbeachgod 53,530
0%
582 Skamps 91,070
0%
696 skiesboy 71,178
0%
607 SkinnyPeete 85,820
0%
745 skirt6 65,468
0%
290 slkrr9 207,732
0%
940 SloppyMatt 47,308
0%
707 smurak 69,923
0%
173 SnipeLikeYoda 357,342
0%
207 Sonko 296,766
0%
416 sophiee 133,501
0%
847 SouthwestChief 54,320
0%
391 squidpsyco 141,805
0%
866 srhawks 52,061
0%
889 StevieRed 50,630
0%
448 Still14 125,509
0%
381 stillnotginger3003 145,843
0%
750 stockiebasher97 65,117
0%
282 stoooopot 214,439
0%
408 stormcrow 137,116
0%
439 stubart409 126,756
0%
804 sumguy 59,189
0%
728 Summerka 67,677
0%
321 SunsetSunrise 181,758
0%
580 swagjunction21 91,220
0%
651 sweetiepi314159 77,458
0%
774 SwissO 63,173
0%
852 Syhill 53,558
0%
590 Systempro99 89,635
0%
609 taewchita 85,660
0%
228 tamara 275,722
0%
311 Tanguylrt49 190,863
0%
890 tengland 50,604
0%
595 tennefloco333 87,920
0%
677 Tenz 73,075
0%
436 TerapiaDeShock 127,305
0%
715 Tercko 68,967
0%
359 thalassemia 154,904
0%
626 ThatEmoShyGuy 83,507
0%
141 ThatOneGuy25 473,630
0%
69 ThatOnePunk 1,137,345
0%
719 TheBestVincent 68,395
0%
296 thecoolestdude2 201,248
0%
363 TheEnzo 153,911
0%
664 thegoatisgoaty 75,018
0%
679 theLAYTshow 72,674
0%
509 TheNewPotato 107,207
0%
502 theol125 108,819
0%
675 TheRealerFamoside 73,857
0%
415 TheRealGrantma 133,624
0%
420 TheRealXboxNerd 131,753
0%
577 thetoonquiz 91,539
0%
883 TheWizard44 51,035
0%
111 Thibaud442 695,714
0%
50 ThirdParty 1,649,260
0%
793 ThomasAndersonn 60,647
0%
692 TimeToTimee 71,514
0%
654 TinaTevetino 76,624
0%
598 TinkyFitchFeeley 87,374
0%
463 tmaster52 120,069
0%
698 tmeenai 70,812
0%
757 toccina 64,897
0%
160 Togoland 400,465
0%
743 ToilAndTrouble 65,946
0%
405 Tom1234tom 137,615
0%
343 tom88 163,305
0%
392 tomato 141,382
0%
161 tomwinkler95 398,098
0%
507 Tonio10 107,561
0%
604 Topiq04 86,189
0%
603 totoc 86,247
0%
112 totolulu 678,574
0%
922 TrajanDecius 48,838
0%
326 TrickyTags 179,962
0%
252 triplestar3 240,186
0%
554 Trixie160 96,282
0%
829 tschutzer 55,779
0%
612 turkeyboi 85,365
0%
850 TvB 53,991
0%
791 Tvic 60,861
0%
646 twitterX 79,352
0%
449 TylerKutschbach 125,475
0%
918 Tzadqiel 49,124
0%
286 UltraSven 209,922
0%
322 ulysse19 181,634
0%
493 Underneath 110,959
0%
863 unknown2000 52,384
0%
606 uoiunion 85,838
0%
552 UzumakiNaruto 97,399
0%
155 valdo94 410,871
0%
970 Valeee 46,023
0%
691 Valthos 71,704
0%
898 Vanadiuum 50,386
0%
695 Vanetschka 71,195
0%
292 varvoy 207,380
0%
673 VeraCalabrese 74,022
0%
283 Vermonter 214,292
0%
702 vferre 70,505
0%
818 Vics 57,559
0%
536 Viktorlaki 101,630
0%
550 Vincentg29 97,732
0%
561 vlm64 94,287
0%
930 vprincessish 48,128
0%
556 WanderingWolf 95,992
0%
721 WanPanFam 68,270
0%
178 warum34 348,790
0%
678 wasserwand 72,898
0%
438 WatsonWonder 126,931
0%
761 Webfoot 64,493
0%
618 WeLaD 84,431
0%
763 Werifesteria 64,413
0%
619 wertzu 84,390
0%
153 WhiskeyTangoFoxtrot 417,391
0%
943 Whytek 46,987
0%
942 WindsOfGauldron 47,001
0%
907 wojtaw 49,837
0%
14 WolfCam 5,819,620
0%
720 Womax 68,357
0%
268 WoodyJohnson 230,012
0%
517 Wortplan 106,017
0%
264 Woyr01 232,531
0%
519 wtstoudt 105,576
0%
242 X2theB 249,093
0%
447 Xabi 125,551
0%
683 XouChe 72,159
0%
992 xtremesecretary 44,364
0%
990 XylophonicMap 44,430
0%
964 yankeh 46,260
0%
684 yappypants 72,126
0%
778 yeehaw316 62,458
0%
426 Yesse03 130,768
0%
948 yhl 46,919
0%
808 ylj 58,814
0%
951 YOLOMATE 46,856
0%
838 Yosherax 54,768
0%
138 Youri704 485,448
0%
194 YungBabass 320,737
0%
350 yunoe 160,436
0%
653 yuzhuk 76,815
0%
474 ZacharyGeorgeNN 116,488
0%
637 Zajega 81,463
0%
492 Zaquking 111,482
0%
120 Zefyrinus 598,050
0%
727 zizzers4 67,752
0%
846 Zlake 54,402
0%
362 zoedad 153,932
0%
413 zoidberg 134,528
0%
461 zuzia 120,725
0%
168 zwerth66 372,739
0%
131 zwirek578 517,069
0%
71 zwizdan007 1,125,529
0%
383 zxcvbnm 145,098
0%
No matching quizzes found
Score Distribution
Percent of People with Each Score
Percentile by Number Answered
Your Score History
You have not taken this quiz since the last reset